02744cam a2200385 i 450000100090000000300040000900500170001300800410003001000170007102000180008802000300010602000310013604000280016704200080019504300300020305000270023308200190026010000460027924500370032526400400036230000230040233600260042533700280045133800270047952012980050665100640180465100630186865500310193165500190196277601260198190600450210794200440215295201450219699900170234122388831OSt20231005155516.0220119s2022 nyu 000 1 eng  a 2021055896 a9781526653239 a9780593542552 (softcover) a9780593541883c(hardcover) aDLCbengerdacDLCdDLC apcc af------afe-----ae-gx---00aPR9399.9.G87bA69 202200a823.914bGUR/A1 aGurnah, Abdulrazak,d1948-eauthor.9967210aAfterlives /cAbdulrazak Gurnah. 1aNew York :bRiverhead Books,c2022. a309 pages ;c24 cm atextbtxt2rdacontent aunmediatedbn2rdamedia avolumebnc2rdacarrier a"From the winner of the 2021 Nobel Prize in Literature, a sweeping, multi-generational saga of displacement, loss, and love, set against the brutal colonization of east Africa. When he was just a boy, Ilyas was stolen from his parents on the coast of east Africa by German colonial troops. After years away, fighting against his own people, he returns home to find his parents gone and his sister, Afiya, abandoned into de facto slavery. Hamza too, is back from the war. He was not stolen but sold into service, where he became the protégé of an officer whose special interest has left him literally scarred for life. With nothing but the clothes on his back, he seeks only steady work and safety - until he meets the beautiful, undaunted Afiya. As these young people live and work and fall in love, their fates knotted ever more tightly together, the shadow of a new war on another continent falls over them, ready to snatch them up and once again carry them away. Spanning from the end of the nineteenth century, when the Europeans carved up Africa, on through the tumultuous decades of revolt and suppression that followed, AFTERLIVES is an astonishingly moving portrait of survivors refusing to sacrifice their humanity to the violent forces that assail them"--cProvided by publisher. 0aAfrica, EastxColonizationxHistoryy20th centuryvFiction. 0aGermanyxColonieszAfricaxHistoryy20th centuryvFiction. 7aHistorical fiction.2lcgft 7aNovels.2lcgft08iOnline version:aGurnah, Abdulrazak, 1948-tAfterlivesdNew York : Riverhead Books, 2022z9780593541906w(DLC) 2021055897 a7bcbccorignewd1eecipf20gy-gencatlg 2ddccBKh823.914iGUR/Ak823.914mGUR/A 00102ddc40708FICaMESbMEScENGd2023-10-05l4m2o823.914 GUR/Ap42771r2025-04-05 12:33:18s2025-03-17v499.00w2023-10-05yBKzGR23R1 c42539d42539